| 000 | 00465nam a22001457a 4500 | ||
|---|---|---|---|
| 020 | _a9789811561351 | ||
| 040 | _cNUST | ||
| 082 |
_a005.7 _bQAM |
||
| 100 |
_aQAMAR, USMAN _9125400 |
||
| 110 |
_aRAZA, MUHAMMAD SUMMAIR _9125401 |
||
| 245 | _aData Science Concepts and Techniques with Applications | ||
| 260 |
_aSINGAPORE: _bSpringer, _c2020. |
||
| 650 |
_aIntroduction.- Applications of Data Science _9125402 |
||
| 942 |
_2ddc _cBK |
||
| 999 |
_c611151 _d611151 |
||